| 000 | 01536namaa2200361 i 4500 | ||
|---|---|---|---|
| 003 | EG-GICUC | ||
| 005 | 20260108122832.0 | ||
| 008 | 260104s2007 ua ao||jr|||| 100 0 ara d | ||
| 017 |
_a2007 / 55001 _bدار الكتب والوثائق القومية(مصر) |
||
| 040 |
_aEG-GiCUC _bara _cEG-GiCUC _dEG-GiCUC _erda |
||
| 043 | _ama----- | ||
| 082 | 0 | 4 |
_221 _a780.956 _bM9922 |
| 092 | 0 | 4 |
_221 _a780.956 _bM9922 |
| 099 | _a780.956 M9922 1932 | ||
| 100 | 1 | _eمؤلف. | |
| 111 | 2 |
_aمؤتمر الموسيقى العربية _c(القاهرة : _d1932) |
|
| 245 | 1 | _aكتاب مؤتمر الموسيقى العربية 1932 / | |
| 250 | _aالطبعة الثانية | ||
| 264 |
_a[القاهرة(مصر)] : _bالمجلس الاعلى للثقافة، _c2007. |
||
| 300 |
_a443 ،77 صفحة _bإيضاحيات، صور ؛ _c27 سم |
||
| 336 |
_2rdacontent _atext |
||
| 337 |
_2rdamedia _aUnmediated |
||
| 338 |
_2rdacarrier _avolume |
||
| 500 | _aطبعة خاصة بمناسبة اليوبيل الماسى لانعقاد مؤتمر الموسيقى العربية بالقاهرة. | ||
| 504 | _aيشتمل على ارجاعات ببليوجرافية. | ||
| 541 |
_aد. جابر عصفور ؛ _bالقاهرة ؛ _cإهداء ؛ _d2024. |
||
| 650 | 1 | 7 |
_aالموسيقى العربية _2qrmak |
| 650 | 1 | 7 |
_aالموسيقى _vمؤتمرات _xتاريخ ونقد _zالعالم العربى _2qrmak |
| 651 | 1 | _2qrmak | |
| 710 | 2 | _aالمجلس الاعلى للثقافة | |
| 905 | _aAya | ||
| 942 |
_2ddc _cBK _e21 _n0 |
||
| 999 |
_c177365 _d177365 |
||